Tenniste con più vittorie agli US Open - Statistics

Statistiche generali
  • Questo quiz è stato fatto 4 volte
  • Il punteggio medio è 5 su 10
Statistiche sulle risposte
Nazione Numero vittorie Tennista % Corretto
Stati Uniti 101 Serena Williams
100%
Stati Uniti 79 Venus Williams
100%
Cecoslovacchia / Stati Uniti 89 Martina Navrátilová
75%
Stati Uniti 101 Chris Evert
50%
Germania Ovest / Germania 73 Steffi Graf
50%
Spagna 56 Arantxa Sánchez Vicario
25%
Argentina 51 Gabriela Sabatini
25%
Jugoslavia / Stati Uniti 53 Monica Seles
25%
Stati Uniti 62 Lindsay Davenport
0%
Stati Uniti 46 Zina Garrison
0%
Nessun quiz corrispondente trovato
Distribuzione punteggi
Percentuale di utenti per punteggio
Percentile per numero di risposta
I tuoi punteggi nel tempo
Non hai fatto questo quiz